Alle Bahnhöfe im Ortenaukreis - Statistiken

Allgemein
  • Dieses Quiz wurde 22 mal gespielt
  • Das Durchschnittsergebnis liegt bei 22 aus 47
Antwortstatistiken
Antwort % Korrekt
Offenburg
100%
Achern
88%
Achern Stadt
88%
Hausach
88%
Kehl
88%
Gengenbach
81%
Haslach
81%
Lahr
81%
Appenweier
75%
Kork
75%
Friesenheim
69%
Gutach Freilichtmuseum
63%
Legelshurst
63%
Renchen
63%
Steinach
63%
Biberach
56%
Hornberg
56%
Offenburg Kreisschulzentrum
56%
Oberarmersbach-Riersbach
50%
Oberharmersbach-Dorf
50%
Oberkirch
50%
Orschweier
50%
Ringsheim/Europa-Park
50%
Zell am Harmersbach
50%
Bad Peterstal
44%
Oppenau
44%
Ottenhöfen
44%
Ottenhöfen West
44%
Zusenhofen
44%
Bad Griesbach
38%
Wolfach
38%
Lautenbach
31%
Unterharmersbach
31%
Ibach
25%
Kappelrodeck
25%
Kappelrodeck Ost
25%
Oberachern
25%
Hubacker
19%
Löcherberg
19%
Ramsbach Birkhof
19%
Ramsbach Höfle
19%
Furschenbach
13%
Oberkirch-Köhlersiedlung
13%
Birach
6%
Halbmeil
6%
Kirnbach-Grün
6%
Oberachern Bindfadenfabrik
6%
Keine übereinstimmenden Quizze gefunden
Verteilung der Resultate
Anzahl Personen mit jedem Resultat
Perzentil nach korrekt beantworteten Fragen
Ihre Resultats-Entwicklung
Sie haben dieses Quiz noch nicht gespielt